Honduras: terminó la pesadilla de la contra ¿y ahora qué? /

Gorde:
Xehetasun bibliografikoak
Egile nagusia: Moreno, Juan
Formatua: Texto
Etiketak: Etiketa erantsi
Etiketarik gabe, Izan zaitez lehena erregistro honi etiketa jartzen!

MARC

LEADER 00000 a a2200000 04500
001 1400
003
040
100 |a Moreno, Juan  
245 |a Honduras:   |b terminó la pesadilla de la contra ¿y ahora qué? /  |c Juan Moreno 
773 |g número 67; páginas 40  
999 |c 35109  |d 35109